| 000 | 00614nam a2200217 a 4500 | ||
|---|---|---|---|
| 001 | 000021912 | ||
| 003 | OSt | ||
| 005 | 20200930140316.0 | ||
| 008 | 100914s1970 sp r 000 |bspa d | ||
| 020 | _a8432024031 | ||
| 040 |
_aDO-SdBNP _bspa _cBNPHU |
||
| 100 | 1 |
_aPalomares, Alfonso _945473 |
|
| 245 | 1 | 0 |
_aArbert Camus / _cAlfonso Palomares. |
| 260 |
_aMadrid : _bEPESA, _c1970. |
||
| 300 |
_a193 p. ; _c20 cm. |
||
| 490 | 1 |
_aGrandes Escritores Contemporáneos; _v21 |
|
| 590 | _aInventariado, 2020 / DG | ||
| 600 | 1 | 0 |
_aCAMUS, ALBERT, _d1913-1960 _94231 |
| 910 | _aInventariado, 2020 / DG | ||
| 942 |
_2ddc _cLF1 |
||
| 999 |
_c21410 _d21410 |
||